Quick Pick: Black or White? Quiz Stats

Quiz Updated Mar 19, 2016

Challenge
Share
Tweet
Embed
Score 0/7 Timer 01:00
3 Plays Today
% Correct
Ebony
94%
Inky
93%
Jet
91.5%
Onyx
89.1%
Sooty
88.6%
Obsidian
87.6%
Sable
69.2%

Today's Daily Dose

Missing Word
Brians

On This Day
January 17th

You're not logged in!

Compare scores with friends on all Sporcle quizzes.
Sign Up with Email
OR
Log In

You Might Also Like...

Show Comments

Extras

Top Quizzes Today


Score Distribution

Your Account Isn't Verified!

In order to create a playlist on Sporcle, you need to verify the email address you used during registration. Go to your Sporcle Settings to finish the process.